Love at home (Record no. 542364)
[ view plain ]
| 000 -LEADER | |
|---|---|
| fixed length control field | 00337nam a22001337a 4500 |
| 082 ## - DEWEY DECIMAL CLASSIFICATION NUMBER | |
| Classification number | 297.7 |
| Author Mark | KHU |
| -- | L-31,P-57 |
| 100 ## - MAIN ENTRY--PERSONAL NAME | |
| Personal name | KHU |
| 9 (RLIN) | 37497 |
| 245 ## - TITLE STATEMENT | |
| Title | Love at home |
| Statement of responsibility, etc. | Khurram Murad. |
| 260 ## - PUBLICATION, DISTRIBUTION, ETC. | |
| Place of publication, distribution, etc. | Islamabad: |
| Name of publisher, distributor, etc. | Book promoters. |
| Date of publication, distribution, etc. | 1983. |
| 300 ## - PHYSICAL DESCRIPTION | |
| Extent | 48p. |
| 526 ## - STUDY PROGRAM INFORMATION NOTE | |
| Program name | 0 |
| Interest level | 0 |
| Reading level | 0 |
| Title point value | 297_700000000000000_KHU |
| 650 ## - SUBJECT ADDED ENTRY--TOPICAL TERM | |
| Topical term or geographic name entry element | MCE |
| 9 (RLIN) | 379 |
| 942 ## - ADDED ENTRY ELEMENTS (KOHA) | |
| Source of classification or shelving scheme | |
| Koha item type | Book |
| Withdrawn status | Lost status | Source of classification or shelving scheme | Damaged status | Not for loan | Permanent Location | Current Location | Date acquired | Total Checkouts | Total Renewals | Full call number | Barcode | Date last seen | Date last checked out | Price effective from | Koha item type |
|---|---|---|---|---|---|---|---|---|---|---|---|---|---|---|---|
| Military College of Engineering (MCE) | Military College of Engineering (MCE) | 11/12/2013 | 1 | 1 | 297.7 KHU | MCE-25825 | 06/14/2019 | 05/07/2019 | 11/12/2013 | Book |
